Escrito de respuesta a la espresión de agravios presentado por los herederos de D. José María Rodríguez

সংরক্ষণ করুন:
গ্রন্থ-পঞ্জীর বিবরন
প্রধান লেখক: Novoa, José Joaquín (autor)
বিন্যাস: গ্রন্থ
ভাষা:স্প্যানিশ
প্রকাশিত: Santiago Imprenta de El Correo, de R. Varela 1879
সংস্করন:1a. ed
বিষয়গুলি:
ট্যাগগুলো: ট্যাগ যুক্ত করুন
কোনো ট্যাগ নেই, প্রথমজন হিসাবে ট্যাগ করুন!

MARC

LEADER 00000nam a2200000 a 4500
001 UCJ8117
003 CL-VaPUC
008 070124e18790000CL |||||||||||||||||spa|d
082 0 4 |a 346  |b NOV  |2 21 
100 |a Novoa, José Joaquín  |e autor  |9 611309 
245 1 0 |a Escrito de respuesta a la espresión de agravios presentado por los herederos de D. José María Rodríguez 
250 |a 1a. ed 
300 |a 31 p 
942 |c BK 
945 |d 20070124 00:00:00  |a rinostro 
260 |a Santiago  |b Imprenta de El Correo, de R. Varela  |c 1879 
500 |a Los folletos se ubican en estantería separada en cajas rotuladas Folletos 
600 0 7 |a CEA, JOSE MANUEL  |2 CL-VaPUC  |9 516784 
650 0 |a Juicios civiles  |9 506779 
650 7 |a FOLLETOS BUDGE  |2 CL-VaPUC  |9 505133 
583 |a last modification  |c 20070124 00:00:00  |k Rodrigo Vera 
999 |c 323915  |d 323913 
952 |0 0  |1 0  |4 0  |6 346_000000000000000_NOV_1879  |7 0  |8 X  |9 403773  |a FDOBUD  |b FDOBUD  |d 2019-11-22  |i 1073125  |o 346 NOV 1879  |p 1073125  |r 2019-11-22  |w 2019-11-22  |y BK_X  |k BUD